| 000 | 00824nam a22002177a 4500 | ||
|---|---|---|---|
| 005 | 20240212171944.0 | ||
| 010 | _aENG-139208 | ||
| 020 |
_c2099.00 _a9789353949273 |
||
| 035 | _aEN-122740 | ||
| 037 | _bDBAD/PUB | ||
| 082 |
_a610.73 _211 |
||
| 100 |
_aBerman, Audrey _961987 |
||
| 245 |
_aKozier & Erb's Fundamentals Of Nursing: _bConcepts, Process and Practice/ _cBy Audrey Berman; Shirlee J. Snyder and Geralyn Frandsen |
||
| 250 | _a11 | ||
| 260 |
_aUttar Pradesh _bPearson India Education Pvt Ltd _c2022 |
||
| 270 |
_bUttar Pradesh _a15th FLoor, Tower-B, World Trade Tower, Plot No.1, Block- C, Sector-16, Noida _e201301 |
||
| 300 |
_a1533p. _c28cm(pb) _bIndex |
||
| 700 |
_aSnyder , Shirlee J. _eAuthor _961988 |
||
| 700 |
_aFrandsen, Geralyn _eAuthor _961989 |
||
| 942 |
_2ddc _cEN _h610.73 _mBER _e11 |
||
| 999 |
_c200694 _d200694 |
||